000 00690nam a2200217 i 4500
001 59259
003 ES-MaACL
005 20230906164011.0
007 t|
008 190205s1964 sp ||||1| cat d
100 0 _aNisin, Arthur.
_985769
245 1 0 _aHistòria de Jesús /
_cArthur Nisin ; [traducción de Josep M. Palacios].
260 _aBarcelona :
_bEdicions 62,
_c[1964]
300 _a381 p. ;
_c20 cm.
490 1 _aCol·lecció "Pensament Cristià" ;
_v1
600 0 4 _aJesucristo-
_xBiografías.
_9140032
700 0 _aPalacios, José María.
_988405
830 0 _aCol·lecció "Pensament Cristià" ;
_v1
_9186572
852 _aES-MaACL
_jP-437-ter-1
999 _c59259
_d59259